Zgadnij celebrytę po zdjęciu #11 - Statystyki

Ogólne statystyki
  • Ten quiz został rozwiązany 18 razy
  • Średni wynik to 6 z 16
Statystyki odpowiedzi
Obrazkowy Odpowiedź % Poprawnych
Courtney Cox
67%
Finn Wolfhard
53%
Sadie Sink
53%
Noah Schnapp
47%
Alan Rickman
40%
David Harbour
40%
Nina Dobrev
40%
Victoria Justice
40%
Elizabeth Gillies
33%
Elle Fanning
33%
Kevin Costner
27%
Zoe Saldana
27%
Jake Gylenhaal
20%
Joe Keery
20%
Skeet Urlich
13%
Matthew Lillard
7%
Nie znaleziono quizów pasujących do podanych kryteriów
Rozkład punktacji
Procent ludzi z każdym wynikiem
Percentyl według liczby udzielonych odpowiedzi
Twoja historia wyników
Nie rozwiązałeś tego quizu